Prueba de Dinamarca - Estadísticas

Estadísticas generales
  • Esta prueba ha sido intentada 1.782 veces
  • La puntuación promedio es 11 de 23
Estadísticas de respuestas
Pista Respuesta % Correcto
Idioma oficial Danés
98%
Capital Copenhague
93%
País limítrofe Alemania
89%
La isla más grande del mundo Groenlandia
85%
Mares que tocan Dinamarca Mar del Norte
73%
Mares que tocan Dinamarca Mar Báltico
69%
Ladrillos de plástico de colores Lego
65%
Moneda Corona
64%
La obra de Shakespeare que se desarrolla en Dinamarca Hamlet
62%
Estatua en el puerto de la capital La {sirenita}
54%
Grupo de islas del Atlántico Norte Islas Feroe
52%
La península principal Jutlandia
49%
Escritor de cuentos de hadas Hans Christian Andersen
37%
Nombre del país en ese idioma Danmark
34%
La segunda ciudad más poblada Aarhus
26%
El barrio hippie "autónomo" de la capital Christiania
26%
Importante rama cristiana Luteranismo
26%
Explorador y homónimo de un estrecho Vitus Bering
25%
La marca de cerveza más popular a nivel mundial Carlsberg
24%
Físico cuántico que ganó el Premio Nobel en 1922 Niels Bohr
21%
El parque temático que abrió en 1843 Jardines de {Tivoli}
20%
Filósofo existencial Søren Kierkegaard
15%
La isla más poblada Selandia
14%
No se encontraron pruebas coincidentes
Distribución de puntuación
Porcentaje de gente con cada puntuación
Porcentaje por número respondido
Historial de tus puntuaciones
No has intentado esta prueba.